Panorama of Indian festivals/ (Record no. 171262)

MARC details
000 -LEADER
fixed length control field 00503nam a22001817a 4500
005 - DATE AND TIME OF LATEST TRANSACTION
control field 20200109145706.0
010 ## - LCCN (DPL NO)
LC control number ENG-127336
020 ## - INTERNATIONAL STANDARD BOOK NUMBER
International Standard Book Number 9788193354223
Terms of availability 880.00
035 ## - SYSTEM CONTROL NUMBER
System control number EN-110868
037 ## - SOURCE OF ACQUISITION
Source of stock number/acquisition DBAD/PUB
082 ## - DEWEY DECIMAL CLASSIFICATION NUMBER
Classification number 394.2
100 ## - MAIN ENTRY--PERSONAL NAME
Personal name Rana,Vivek
245 ## - TITLE STATEMENT
Title Panorama of Indian festivals/
Statement of responsibility, etc Vivek Rana
260 ## - PUBLICATION, DISTRIBUTION, ETC. (IMPRINT)
Place of publication, distribution, etc Delhi
Name of publisher, distributor, etc Book Shores
Date of publication, distribution, etc 2016
270 ## - ADDRESS
Address B-16,Subhavana Niketan,Pitam Pura
City Delhi
Postal code 110034
300 ## - PHYSICAL DESCRIPTION
Extent 232p
Dimensions 22cm(hb)
942 ## - ADDED ENTRY ELEMENTS (KOHA)
Source of classification or shelving scheme Dewey Decimal Classification
Item type English Books
Classification part 394.2
Call number suffix RAN
Holdings
Withdrawn status Lost status Not for loan Collection code Home library Current library Date acquired Source of acquisition Cost, normal purchase price Full call number Barcode Copy number Cost, replacement price Koha item type
      Non-fiction Sarojini Nagar Sarojini Nagar 09/01/2020 DBAD/PUB 880.00 394.2 RAN EN-110868 1 880.00 English Books

© Delhi Public Library
Hit Counter
free hit counter